000 00338nam a2200133 i 4500
001 bg
100 1 _aRYSZKA, Emil
245 0 _aOchrona powietrza przed zanieczyszczeniami w hutnictwie żelaza /
_cEmil Ryszka.
260 _aKatowice,
_c1976.
040 _cBPK
041 _apol
942 _cKS
008 s pl f |000 0 pol
999 _c9364
_d9364
856 _uhttp://koha.tu.koszalin.pl/cgi-bin/koha/opac-detail.pl?biblionumber=9364
_yKatalog online BPK